| 000 | 00795cam a22002531 4500 | ||
|---|---|---|---|
| 001 | 10272084 | ||
| 003 | ARRUPE | ||
| 005 | 20161207094003.0 | ||
| 008 | 741209s1956 nyu b 000 0 eng | ||
| 010 | _a 56001842 | ||
| 035 | _a(OCoLC)1101267 | ||
| 040 |
_aDLC _cTxU-Da _dOCoLC _dDLC |
||
| 050 | 0 | 0 |
_aE742.5 _b.W5 |
| 082 | 0 | 0 | _a973.91/3/092 |
| 100 | 1 |
_aWilson, Woodrow, _d1856-1924. _920441 |
|
| 245 | 1 | 4 |
_aThe Wilson reader. _cSelected and edited by Frances Farmer. |
| 260 |
_aNew York, _bOceana Publications, _c1956. |
||
| 300 |
_a286 p. _c19 cm. |
||
| 490 | 0 |
_aDocket series, _vv. 4 |
|
| 504 | _aBibliography: p. 277-279. "Books by Woodrow Wilson": p. 280. | ||
| 700 |
_aFarmer, Frances _eed. _927974 |
||
| 906 |
_a7 _bcbc _coclcrpl _du _encip _f19 _gy-gencatlg |
||
| 942 |
_2lcc _cMONOGRAPH |
||
| 999 |
_c125848 _d125848 |
||